Pensamiento docente y práctica pedagógica: una investigación sobre el pensamiento práctico de los docentes

Salvato in:
Dettagli Bibliografici
Autore principale: Perafán Echeverri, Gerardo Andrés (Autore)
Natura: Libro
Lingua:spagnolo
Pubblicazione: Bogotá Magisterio 2000
Edizione:2a. ed
Serie:Colección Mesa Redonda, 54
Soggetti:
Tags: Aggiungi Tag
Nessun Tag, puoi essere il primo ad aggiungerne!!

MARC

LEADER 00000nam a2200000 a 4500
001 UCL8838
003 CL-VaPUC
008 040709e20000000CK |||||||||||||||||spa|d
020 |a 9582003251 
082 0 4 |a 371.12  |b PER  |2 21 
100 0 |a Perafán Echeverri, Gerardo Andrés  |e author  |9 486783 
245 1 0 |a Pensamiento docente y práctica pedagógica: una investigación sobre el pensamiento práctico de los docentes 
250 |a 2a. ed 
300 |a 141 p 
942 |c BK 
945 |d 20040709 00:00:00  |a cmena 
260 |a Bogotá  |b Magisterio  |c 2000 
650 0 |a Formación profesional de profesores  |9 307493 
650 0 |a Docentes  |9 311365 
650 0 |a Métodos de enseñanza  |9 270413 
650 0 |a Rol del docente  |9 329733 
650 0 |a Práctica docente  |9 307872 
650 0 |a Filosofía de la educación   |9 258384 
650 0 |a Investigación educacional   |9 261192 
583 |a last modification  |c 20040709 00:00:00  |k Rodrigo Vera 
490 0 |a Colección Mesa Redonda, 54 
999 |c 309943  |d 309941 
952 |0 0  |1 0  |4 0  |6 371_120000000000000_PER_2000  |7 0  |8 A  |9 377824  |a BIBTEO  |b BIBTEO  |d 2019-11-21  |i 4033752  |o 371.12 PER 2000  |p 4033752  |r 2025-01-17  |w 2019-11-21  |y BK  |k ICR